000 00566nam a2200229Ia 4500
003 OSt
005 20230408112814.0
008 210423s2011 xx 000 0 und d
020 _a978-81-272-4864-2
040 _cAL
041 _aeng
082 _a658.001
_223
_bCHOM
100 _aCHOPRA (P N)
_984946
245 _aManagerial economics Ed 5
250 _a5
260 _aLudhiana
_bKalyani Publishers
_c2011
300 _a834
_bPB
365 _b350
_cINR
650 _aManagerial Economics
_984947
906 _aeconomics ; Managerial
942 _2ddc
_cBK
999 _c169430
_d169430